000 03806ncm0a2200469 4500
001 RU\NLR\ONIZ\264222
005 20250625012003.0
013 _a979-0-3522-0672-4
035 _a(NLR Aleph) 016249970
071 2 0 _aс 6664 к
090 _a12824097
_c12824097
100 _a20210708d2014 |||y0rusy50 ca
101 0 _arus
102 _aRU
128 _ali
145 0 _ac
200 1 _aДом на Дворцовой
_bНоты
_eтри песни для голоса (хора) и фортепиано (гитары)
_fЯ. Дубравин
203 _aМузыка
_bзнаковая
_bвизуальная
_cнепосредственная
210 _aСанкт-Петербург
_cКомпозитор-Санкт-Петербург
_d2014
215 _a14, [2] с.
_cил.
_d30 см
_eаудиоприложение на CD
313 _aСистематизация документа проведена по изданию - Методика классифицирования музыкальных произведений (нотных изданий) по таблицам Библиотечно-библиографических классификаций : метод. рекомендации / Гос. б-ка СССР им. В.И. Ленина.- М., 1977. Индексу ББК методических рекомендаций присваивается код ББК для научных библиотек - LBC/SL
327 1 _a1. Дом на Дворцовой : "Здесь город наш с Невою говорит..." / слова Л. Норкина ;
_a2. Наш Университет : "Прохладой тянет с Балтики суровой..." / слова О. Чупрова ;
_a3. Студенческая песня : "Пять холодных зим..." / слова И. Талькова
464 0 _12001#$aДом на Дворцовой$e"Здесь город наш с Невою говорит..."$fслова Л. Норкина
_1215##$aС.3-6
_1702#1$9z01790$aНоркин$bЛ. М.$gЛеонид Маркович$f1932-2007$4520$7ca
_1790#1$9z01702$aNorkin$bL.$gLeonid$f1932-2007$4520$7ba
_tДом на Дворцовой
464 0 _12001#$aНаш Университет$e"Прохладой тянет с Балтики суровой..."$fслова О. Чупрова
_1215##$aС.7-10
_1702#1$9z01790$aЧупров$bО. А.$gОлег Акимович$f1939-2025$4520$7ca
_1790#1$9z01702$aČuprov$bO. A.$gOleg Akimovič$f1939-2025$4520$7ba
_tНаш Университет
464 0 _12001#$aСтуденческая песня$e"Пять холодных зим..."$fслова И. Талькова
_1215##$aС.11-14
_1702#1$9z01790$aТальков$bИ. В.$gИгорь Владимирович$f1956-1991$4520
_1790#1$9z01702$aTal`kov$bI. V.$gIgor` Vladimirovič$f1956-1991$4520$7ba
_tСтуденческая песня
606 1 _aХоровая музыка российская
_yРоссия
_z20-21 вв.
_jНоты
_2nlr_sh
606 1 _aВокальная музыка российских композиторов
_jНоты
_2nlr_sh
607 _aСанкт-Петербург, город
_xМузыкальные интерпретации
_jНоты
_2nlr_sh
686 0 _aЩ943.4-42-043.3(2Р=Р)я44
686 0 _aЩ943.4-64-043.3(2Р=Р)я44
686 0 _aЩ941.6-42-043.3(2Р=Р)я44
686 0 _aЩ941.6-64-043.3(2Р=Р)я44
700 1 _9z02790
_aДубравин
_bЯ. И.
_f1939-
_gЯков Исакович
_4230
_7ca
790 1 _9z02700
_aDubravin
_bJ. I.
_f1939-
_gJakov Isakovič
_4230
_7ba
801 0 _aRU
_bNLR
_c20210708
_gPSBO
801 1 _aRU
_bNLR
_c20210708
_2rusmarc
801 2 _aRU
_bNLR
_c20221222
852 _aNLR
_bМ
_j985-3/171
_p269387
_t1
942 _cSCORE
980 _aNB
980 _aONIZ